Translating the message : (Record no. 29758)

MARC details
000 -LEADER
fixed length control field 01209cam a22002774a 4500
001 - CONTROL NUMBER
control field 15298931
003 - CONTROL NUMBER IDENTIFIER
control field PACU
005 - DATE AND TIME OF LATEST TRANSACTION
control field 20180312175018.0
008 - FIXED-LENGTH DATA ELEMENTS--GENERAL INFORMATION
fixed length control field 080521s2009 nyu b 001 0 eng
020 ## - INTERNATIONAL STANDARD BOOK NUMBER
International Standard Book Number 9781570758041
040 ## - CATALOGING SOURCE
Original cataloging agency PACU
Transcribing agency PACU
Language of cataloging eng
050 00 - LIBRARY OF CONGRESS CALL NUMBER
Classification number BV 2063
Item number .S23 2009
100 1# - MAIN ENTRY--PERSONAL NAME
Personal name Sanneh, Lamin O.
245 10 - TITLE STATEMENT
Title Translating the message :
Remainder of title the missionary impact on culture /
Statement of responsibility, etc. Lamin Sanneh.
250 ## - EDITION STATEMENT
Edition statement 2nd ed., rev. and expanded.
260 ## - PUBLICATION, DISTRIBUTION, ETC. (IMPRINT)
Place of publication, distribution, etc. Maryknoll, N.Y. :
Name of publisher, distributor, etc. Orbis Books,
Date of publication, distribution, etc. 2009.
300 ## - PHYSICAL DESCRIPTION
Extent xii, 324 p. ;
Dimensions 24 cm.
490 0# - SERIES STATEMENT
Series statement American society of missiology series ;
Volume/sequential designation no. 42
504 ## - BIBLIOGRAPHY, ETC. NOTE
Bibliography, etc Includes bibliographical references (p. 293-309) and index.
650 #0 - SUBJECT ADDED ENTRY--TOPICAL TERM
Topical term or geographic name as entry element Missions
General subdivision Anthropological aspects.
9 (RLIN) 959
650 #0 - SUBJECT ADDED ENTRY--TOPICAL TERM
Topical term or geographic name as entry element Missions
General subdivision History.
856 41 - ELECTRONIC LOCATION AND ACCESS
Materials specified Table of contents only
Uniform Resource Identifier <a href="http://www.loc.gov/catdir/toc/ecip0818/2008021715.html">http://www.loc.gov/catdir/toc/ecip0818/2008021715.html</a>
942 ## - ADDED ENTRY ELEMENTS (KOHA)
Source of classification or shelving scheme Library of Congress Classification
Koha item type General books
Classification part BV 2063
Item part .S23
Call number suffix 2009
Holdings
Withdrawn status Lost status Source of classification or shelving scheme Damaged status Not for loan Home library Current library Shelving location Date acquired Source of acquisition Total Checkouts Full call number Barcode Date last seen Date checked out Copy number Price effective from Koha item type Total Renewals
    Library of Congress Classification     PAC UNIVERSITY PAC UNIVERSITY General Stacks 12/03/2018 Purchase 2 BV 2063 .S23 2009 C.1 24771 29/07/2019 17/07/2019 C.1 12/03/2018 General books  
    Library of Congress Classification     PAC UNIVERSITY PAC UNIVERSITY General Stacks 12/03/2018 Purchase 2 BV 2063 .S23 2009 C.2 24772 27/09/2021 25/08/2021 C.2 12/03/2018 General books 1
    Library of Congress Classification     PAC UNIVERSITY PAC UNIVERSITY General Stacks 12/03/2018 Purchase 2 BV 2063 .S23 2009 C.3 24773 11/05/2021 05/02/2021 C.3 12/03/2018 General books 2

Richard Ondeng' Library |56875-00200,Nairobi | Kenya
Tel: +254-20-2013146 / 2076894 | Mobile: 0721-932050, 0734-400694
Email: enquiries@pacuniversity.ac.ke| Website: www.pacuniversity.ac.ke
Powered by PAC University ICT Department